España y México en el siglo XIX
Saved in:
| Hovedforfatter: | |
|---|---|
| Format: | Bog |
| Sprog: | spansk |
| Udgivet: |
Madrid, España
Instituto Gonzalo Fernández Oviedo
1950
|
| Fag: | |
| Tags: |
Tilføj Tag
Ingen Tags, Vær først til at tagge denne postø!
|
MARC
| LEADER | 00000nam a2200000 a 4500 | ||
|---|---|---|---|
| 001 | UCO0945 | ||
| 003 | CL-VaPUC | ||
| 005 | 20211216172554.0 | ||
| 008 | 000428e19500000SP |||||||||||||||||spa|d | ||
| 999 | |c 287581 |d 287579 | ||
| 040 | |c Pontificia Universidad Católica de Valparaíso | ||
| 082 | 0 | 4 | |a 946.072 DEL 1950 |2 21 |
| 100 | 0 | |a Delgado, Jaime |e author |9 442603 | |
| 245 | 1 | 0 | |a España y México en el siglo XIX |
| 260 | |a Madrid, España |b Instituto Gonzalo Fernández Oviedo |c 1950 | ||
| 300 | |a 3 volúmenes | ||
| 500 | |a v.1: 1820-1830 | ||
| 500 | |a v.2: 1830-1845 | ||
| 500 | |a v.3: 1820-1845, Apéndice Documental | ||
| 583 | |a last modification |c 20000428 00:00:00 |k Rodrigo Vera | ||
| 600 | 0 | 7 | |a FERNANDO VII |2 CL-VaPUC |9 402061 |
| 600 | 0 | 7 | |a ISABEL II |2 CL-VaPUC |9 420970 |
| 650 | 0 | |a Historia de España |z MEXICO |9 315435 | |
| 650 | 0 | |a Colonias españolas |z MEXICO |9 267778 | |
| 852 | |a BIBCUR | ||
| 942 | |c BK |2 ddc | ||
| 945 | |d 20000428 00:00:00 |a rherrera | ||
| 952 | |0 0 |1 0 |2 ddc |4 0 |6 946_072000000000000_DEL_1950 |7 0 |8 A |9 334495 |a BIBHIS |b BIBHIS |d 2019-11-20 |h v.1 |i 1268376 |o 946.072 DEL 1950 |p 1268376 |r 2025-01-20 |t 1 |w 2019-11-20 |y BK |k HIS | ||
| 952 | |0 0 |1 0 |2 ddc |4 0 |6 946_072000000000000_DEL_1950 |7 0 |8 A |9 334496 |a BIBHIS |b BIBHIS |d 2019-11-20 |h v.2 |i 1268384 |o 946.072 DEL 1950 |p 1268384 |r 2025-01-20 |t 1 |w 2019-11-20 |y BK |k HIS | ||
| 952 | |0 0 |1 0 |2 ddc |4 0 |6 946_072000000000000_DEL_1950 |7 0 |8 A |9 334497 |a BIBHIS |b BIBHIS |d 2019-11-20 |h v.3 |i 126835K |o 946.072 DEL 1950 |p 126835K |r 2025-01-20 |t 1 |w 2019-11-20 |y BK |k HIS | ||